MDQL
is popping MORE tags! Check the
thread
!
Quizzes
Events
Quiz Creation
Community
Videos
Private Events
Remove Ads
Sign In
Join for FREE
Feedback
Dark Mode
Quiz Categories
Sports
Geography
Music
Movies
Television
Just For Fun
Miscellaneous
History
Literature
Language
Science
Gaming
Entertainment
Religion
Holiday
For Kids
Quiz Lab
Recent
Popular Today
Quiz Kudos Today
Editor Picks
Curator Picks
Quizzes by...
Day
Popularity
Type
Ratings
Length
Year
Community
Subscriptions
Recent Discussions
Orange Saloon
Badges
Playlists
Quests
Create
Leaderboards
Showdown
Live 5
Trivia Bingo
Activity
Puzzle Library
Sporcle Events
Private Events
Virtual Trivia
Globe League
Become a Host
Pub Owners
SporcleCon
Opinionation
Our Games
Videos
Blog
Mobile Apps
Partnerships
Remove Ads and Go Orange
Feedback
Music
Pop Music
The Beatles
Song
Album
Lyrics
Bands
Singers
Artist
Clip
Rock
Rap
Classical
Billboard
Country Music
Kpop
Taylor Swift
Music
Pop Music
The Beatles
Song
Album
Lyrics
Bands
Singers
Artist
Clip
Rock
Rap
Classical
Billboard
Country Music
Kpop
Taylor Swift
Random Quiz
Search Sporcle
×
Quiz Lab
Quiz Lab
Music
Song
Type in answers that appear in a list
Type in answers that appear in a list
Classic
Best Score? Go Orange.
Monstercat: Which album were they released during? Stats
These songs were released on EPs/LPs. Had they been the featured song, which album would they be on (using release dates opposed to preorder dates)?
By
ChlngeAccepted
4m
25 Questions
33 Plays
33 Plays
33 Plays
Comments
Comments
Give Quiz Kudos
Give Quiz Kudos
-
- Ratings
hide this ad
Forced Order
Answers have to be entered in order
Answers have to be entered in order
Replay
Link that replays current quiz
Next Quiz
Link to next quiz in quiz playlist
You Got
0%
They Got
Avg Score
91%
Avg Friend Score
Upgrade to see
Score Distribution
Jump to the score distribution portion of the page
Score
0/25
Timer
04:00
0
Plays Today
Artist - Song
Answer
% Correct
7 Minutes Dead -
Free
Monstercat 013 - Awakening
100%
WRLD -
Style
Monstercat 024 - Vanguard
100%
Nigel Good -
Bastion
Monstercat 024 - Vanguard
100%
F.O.O.L -
Distorted Reality
Monstercat 022 - Contact
100%
PIXL -
Promises
Monstercat 014 - Discovery
97%
Falcon Funk -
Bust
Monstercat 014 - Discovery
97%
Direct -
Scars
Monstercat 017 - Ascension
93.9%
Fractal -
Collide
Monstercat 024 - Vanguard
93.9%
Mr FijiWiji -
Yours Truly VIP
Monstercat 024 - Vanguard
93.9%
Muzzy -
Get Crazier
Monstercat 023 - Voyage
93.9%
Fractal -
Cosm
Monstercat 015 - Outlook
90.9%
Tut Tut Child -
Fat Cat Adventures
Monstercat 007 - Solace
90.9%
Rogue -
Air
Monstercat 011 - Revolution
90.9%
Artist - Song
Answer
% Correct
Fractal -
Mountain Hunter
Monstercat 016 - Expedition
90.9%
Project 46 -
Ekho
Monstercat 013 - Awakening
90.9%
DotEXE -
Gibberish
Monstercat 008 - Anniversary
87.9%
Mr FijiWiji & Soulero -
Nebula
Monstercat 015 - Outlook
87.9%
Rezonate -
What We Want
Monstercat 022 - Contact
87.9%
Tut Tut Child -
Barghest
Monstercat 014 - Discovery
84.8%
Tristam -
Blood Money
Monstercat 005 - Evolution
84.8%
Stephen Walking -
Knuckles and Broken Goggles
Monstercat 004 - Identity
84.8%
Mr FijiWiji -
Evolution
Monstercat 021 - Prespective
84.8%
Rameses B -
Underwater
Monstercat 015 - Outlook
84.8%
Pegboard Nerds -
We Are One (Acapella) (wtf)
Monstercat 012 - Aftermath
84.8%
Rezonate -
The Journey
Monstercat 016 - Expedition
84.8%
Quiz Playlist
Details
Report
Send in Message
Add To Playlist
Classic:
Type in answers that appear in a list
Forced Order:
Answers have to be entered in order
Last Updated: Feb 16, 2017
Quiz Scoreboard
CHALLENGE
Sign Up to Join the Scoreboard
Show All
Scores
Hide
Comments
May contain spoilers
Recently Published
1-10 Letter E Words III
by El_Dandy
Language
2m
Street Fighter Characters
by Artimus82
Gaming
60s
College Basketball Coaching Resumes
by pancakes188
Sports
9m
More to Explore
Quiz From the Vault
Featured Blog Post
Where Did the Easter Bunny Come From?
hide this ad
You Might Also Like...
Tags
Album Quiz
Artist Quiz
Song Quiz
date
eps
Featured
Opposed
release
Released
Today's Top Quizzes in Music
Browse Music
hide this ad
Today's Top Quizzes in Song
Browse Song
Top Contributed Quizzes in Music
1
Taylor Swift All Songs (2024)
2
Taylor Swift Logic Puzzle
3
Guess the Artist- 70s Songs
4
7-to-1: Billboard Hot 100 #1 Hits of 2010s
5
Sorting Albums and Songs
6
Billboard Blitz: Aretha Franklin
7
KPOP LOGIC QUIZ
8
Guess the Taylor Swift song (Mystery Song)
9
Guess The Taylor Swift Lyrics Song #1
10
Billboard Blitz: ABBA
Explore More
Trending Topics
Marvel
Harry Potter
Anime
NBA
Disney
Kpop
Crossword
Soccer
WWE
Song
Puzzle
Country
Pokémon
The Office
NFL
hide this ad
More By:
ChlngeAccepted
Quiz
Plays
Rating
Category
Featured
Created
Monstercat Artists (updated frequently)
902
5.00
Music
Aug 20, 2015
Clickable: Match Monstercat Artists to thier songs
365
5.00
Music
Nov 10, 2015
Monstercat Remixers
167
5.00
Music
Aug 20, 2015
Monstercat EP/LP Songs (Excluding remixes)
110
5.00
Music
Aug 25, 2015
Monstercat Artist's Debut Songs
97
5.00
Music
Nov 18, 2015
Go to Creator's Profile
Score Distribution
Quiz Creator Spotlight
ChlngeAccepted
Follow
Send a Message
Quizzes Created
-
Created Quiz Play Count
-
More By This Creator
Popular Quizzes Today
1
Find the US States - No Outlines Minefield
2
Find the Countries of Europe - No Outlines Minefield
3
The Countries of the World
4
Find the US States
5
Risky Map Clicking: Biggest States A-Z
6
US States
7
Popular People in 1961
8
Movies - When Are They Set?
More Music Quizzes
🎼 SGT PEPPER side 1: Line by line
Quiz Lab
Trending Quizzes
Risky Map Clicking: Least Populous States A-Z
Billboard Blitz: Aretha Franklin
Famous Russians: Author or Composer?
1-10 Letter G Words
Countries of the World: 200 Million BC
Recently Updated
Leaping Animals
pecheneg
Reality TV Shows (A-Z)
bhenderson79
Rickey Henderson's Hall of Fame Teammates
pecheneg
Champions League XIs: Arsenal
pecheneg
Quick Pick: Celebrities in WWE's Hall of Fame
aduchscher
A-Z Keypad Blitz II
pecheneg
Multiple Oscar Actors
pecheneg
Mystery Phrase Blitz: Oscar 'Best Actors'
pecheneg
F. Scott Fitzgerald Novels
LTH
Pick 3 Villains
ddd62291
Trending Topics
Crossword
Disney
Kpop
NBA
Harry Potter
Anime
Marvel
WWE
Pokémon
The Office
Soccer
Puzzle
Song
Country
NFL
Your Account Isn't Verified!
In order to create a playlist on Sporcle, you need to verify the email address you used during registration. Go to your
Sporcle Settings
to finish the process.
Report this User
Report this user for behavior that violates our
Community Guidelines
.
Details:
Send Report
Go to the Sporcle.com Mobile Site →
Comments